000 00458nam a2200193Ia 4500
005 20240823043331.0
008 240823s9999||||xx |||||||||||||| ||und||
020 _a0-13-939075-8
041 _aENGLISH
082 _A005.446 N0
100 _a"Twitty,William B"
245 0 _aUNIX on the IBM PC
250 _a1st
260 _c1990
_b"Galgotia,New Delhi"
500 _aTRANSFERED
650 _aUNIX
_bComputer Science
942 _cBK
999 _c209993
_d209993